[Event "Morbihan-ch 0809"]
[Site "Morbihan"]
[Date "2009.01.24"]
[Round "4"]
[White "Lages, Michel"]
[Black "Salaun, Michel"]
[Result "0-1"]
[WhiteElo "1919"]
[BlackElo "2015"]
[PlyCount "100"]
[EventDate "2008.10.??"]
[EventType "tourn"]
[EventRounds "7"]
[EventCountry "FRA"]
[SourceTitle "EXT 2010"]
[Source "ChessBase"]
[SourceDate "2010.11.25"]
[SourceVersion "1"]
[SourceVersionDate "2010.11.25"]
[SourceQuality "1"]

1. c4 Nf6 2. Nc3 c5 3. g3 Nc6 4. Bg2 g6 5. Nf3 Bg7 6. 0-0 0-0 7. d4 cxd4 8. Nxd4 Qb6 9. Nb3 d6 10. Nd5 Nxd5 11. cxd5 Ne5 12. Be3 Qa6 13. Bd4 Bg4 14. f3 Bd7 15. Rf2 Ba4 16. e3 Bh6 17. f4 Nc4 18. Bf1 e5 19. dxe6 fxe6 20. Rc1 Bb5 21. Rfc2 Nb6 22. Bxb5 Qxb5 23. Bxb6 Qxb6 24. Qd4 e5 25. Qxb6 axb6 26. a3 Ra4 27. Rc4 b5 28. Rxa4 bxa4 29. Na5 Bg7 30. Nxb7 exf4 31. Rc2 fxe3 32. Nxd6 Bd4 33. Kg2 g5 34. Re2 g4 35. Nb5 Bc5 36. Nc3 Ra8 37. Ne4 Bd4 38. h3 h5 39. hxg4 hxg4 40. Nc3 Kf7 41. Nd5 Re8 42. Nc3 Ra8 43. Nb5 Bb6 44. Nd6+ Kg6 45. Nc4 Rb8 46. Rc2 Bd4 47. Re2 Kf5 48. Kf1 Ke4 49. Ke1 Kd3 50. Na5 Bc3+ 0-1

[Event "Morbihan-ch 0607"]
[Site "Morbihan"]
[Date "2007.04.21"]
[Round "7"]
[White "Salaun, Michel"]
[Black "Boucaud, Anthony"]
[Result "1-0"]
[WhiteElo "2058"]
[BlackElo "1880"]
[PlyCount "153"]
[EventDate "2006.10.21"]
[EventType "swiss"]
[EventRounds "7"]
[EventCountry "FRA"]
[SourceTitle "EXT 2009"]
[Source "ChessBase"]
[SourceDate "2008.11.26"]
[SourceVersion "1"]
[SourceVersionDate "2008.11.26"]
[SourceQuality "1"]

1. Nf3 d5 2. d4 Nf6 3. c4 e6 4. Nc3 Be7 5. Bf4 a6 6. e3 0-0 7. Bd3 dxc4 8. Bxc4 b5 9. Bd3 Bb7 10. 0-0 c5 11. dxc5 Bxc5 12. Qc2 Nbd7 13. Rad1 Qe7 14. Ne5 Rfd8 15. Nxd7 Rxd7 16. Be5 h6 17. Bxf6 gxf6 18. Bh7+ Kg7 19. Rxd7 Qxd7 20. Rd1 Qc7 21. Be4 Rc8 22. Qe2 Bxe4 23. Nxe4 Qe5 24. Qg4+ Kh7 25. Rd7 Be7 26. Nc3 f5 27. Qd4 Qxd4 28. exd4 Bf6 29. Rxf7+ Kg6 30. Rd7 b4 31. Ne2 Rc2 32. Nf4+ Kg5 33. Nxe6+ Kh5 34. h3 Rxb2 35. Rd6 Rxa2 36. g3 Kg6 37. Nc5 a5 38. Nd7 b3 39. Rxf6+ Kg7 40. Rb6 b2 41. Kg2 a4 42. Ne5 a3 43. Nc4 Ra1 44. Nxa3 Rxa3 45. Rxb2 Rd3 46. Rb4 h5 47. Kf1 h4 48. Ke2 Ra3 49. gxh4 Rxh3 50. d5 Kf6 51. Rd4 Ke7 52. d6+ Kd7 53. Kf1 f4 54. Rxf4 Kxd6 55. Kg2 Rc3 56. h5 Rc5 57. Rh4 Rg5+ 58. Kh3 Rg8 59. h6 Ke6 60. h7 Rh8 61. Kg4 Kf6 62. f4 Kg6 63. Rh2 Kf6 64. Rh6+ Kg7 65. Kg5 Kf7 66. f5 Kg7 67. f6+ Kf7 68. Kf5 Ke8 69. Kg6 Kf8 70. f7 Ke7 71. Kg7 Rf8 72. Re6+ Kxe6 73. Kxf8 Kd7 74. h8Q Kd8 75. Qd4+ Kc8 76. Qa7 Kd8 77. Kg7 1-0

[Event "Morbihan-ch 0607"]
[Site "Morbihan"]
[Date "2006.12.02"]
[Round "2"]
[White "Duplessy, Franck"]
[Black "Salaun, Michel"]
[Result "1/2-1/2"]
[WhiteElo "2068"]
[BlackElo "2058"]
[PlyCount "58"]
[EventDate "2006.10.21"]
[EventType "swiss"]
[EventRounds "7"]
[EventCountry "FRA"]
[SourceTitle "EXT 2009"]
[Source "ChessBase"]
[SourceDate "2008.11.26"]
[SourceVersion "1"]
[SourceVersionDate "2008.11.26"]
[SourceQuality "1"]

1. Nf3 Nf6 2. c4 c5 3. Nc3 Nc6 4. d4 cxd4 5. Nxd4 g6 6. e4 Bg7 7. Be3 0-0 8. Be2 d6 9. 0-0 Nd7 10. Qd2 Nde5 11. h3 h5 12. f4 Nxd4 13. Bxd4 Nc6 14. Bxg7 Kxg7 15. f5 Qb6+ 16. Kh2 Qd4 17. Qg5 Qf6 18. Qxf6+ Kxf6 19. fxg6+ Kxg6 20. Nd5 Rh8 21. Rf3 h4 22. Raf1 f6 23. R3f2 Bd7 24. b4 Rh7 25. a3 Rc8 26. Rd1 Ne5 27. Rd4 Nc6 28. Rd2 Ne5 29. Rd4 Nc6 1/2-1/2

[Event "FRA-chT4 0506"]
[Site "Bretagne"]
[Date "2006.01.15"]
[Round "4"]
[White "Yche, Michel"]
[Black "Salaun, Michel"]
[Result "1/2-1/2"]
[WhiteElo "2080"]
[BlackElo "2056"]
[PlyCount "80"]
[EventDate "2005.10.16"]
[EventType "team"]
[EventRounds "7"]
[EventCountry "FRA"]
[SourceTitle "EXT 2007"]
[Source "ChessBase"]
[SourceDate "2006.11.23"]
[SourceVersion "1"]
[SourceVersionDate "2006.11.23"]
[SourceQuality "1"]

1. e4 Nc6 2. d4 e5 3. c3 Nf6 4. d5 Ne7 5. Qc2 Ng6 6. Be2 Bc5 7. b4 Bb6 8. a4 a6 9. c4 Bd4 10. Ra3 0-0 11. c5 b6 12. Nf3 bxc5 13. bxc5 Qe7 14. Nxd4 exd4 15. f3 d6 16. c6 Nh5 17. 0-0 Nhf4 18. Bxf4 Nxf4 19. Qd2 Qe5 20. g3 Nxe2+ 21. Qxe2 Rb8 22. f4 Qf6 23. Qc4 Bh3 24. Re1 Rb2 25. Rb3 Rb8 26. Rxb8+ Rxb8 27. Qxa6 g5 28. Qd3 Rb2 29. Re2 Rxe2 30. Qxe2 gxf4 31. Qf2 f3 32. Nd2 Bg2 33. a5 d3 34. Qe3 Qa1+ 35. Kf2 Qxa5 36. Qxd3 Qc5+ 37. Qe3 Qc2 38. Qg5+ Kf8 39. Qh6+ Ke8 40. Qe3 Qb2 1/2-1/2

[Event "FRA-chT4 0506"]
[Site "Bretagne"]
[Date "2005.12.04"]
[Round "3"]
[White "Salaun, Michel"]
[Black "Selo, Tony"]
[Result "1-0"]
[WhiteElo "2056"]
[BlackElo "1730"]
[PlyCount "26"]
[EventDate "2005.10.16"]
[EventType "team"]
[EventRounds "7"]
[EventCountry "FRA"]
[SourceTitle "EXT 2007"]
[Source "ChessBase"]
[SourceDate "2006.11.23"]
[SourceVersion "1"]
[SourceVersionDate "2006.11.23"]
[SourceQuality "1"]

1. Nf3 Nf6 2. d4 d5 3. c4 c6 4. Nc3 Bg4 5. Ne5 Qd6 6. cxd5 cxd5 7. Qb3 Bc8 8. Bf4 Nbd7 9. e4 dxe4 10. Qxf7+ Kd8 11. Qb3 Qxd4 12. Nb5 Qb6 13. Nf7+ Ke8 1-0

[Event "FRA-chT4 0506"]
[Site "Bretagne"]
[Date "2005.11.20"]
[Round "2"]
[White "Agasse Lafont, Patrick"]
[Black "Salaun, Michel"]
[Result "1-0"]
[WhiteElo "1990"]
[BlackElo "2056"]
[PlyCount "63"]
[EventDate "2005.10.16"]
[EventType "team"]
[EventRounds "7"]
[EventCountry "FRA"]
[SourceTitle "EXT 2007"]
[Source "ChessBase"]
[SourceDate "2006.11.23"]
[SourceVersion "1"]
[SourceVersionDate "2006.11.23"]
[SourceQuality "1"]

1. e4 Nc6 2. d3 e5 3. Nf3 Nf6 4. Bg5 d5 5. Nbd2 Bg4 6. Be2 Qd6 7. c3 dxe4 8. Nxe4 Nxe4 9. dxe4 Qg6 10. Qd2 f6 11. Be3 Qxe4 12. Bd3 Qa4 13. Bc2 Qc4 14. Bb3 Qb5 15. Qc2 0-0-0 16. h3 Bxf3 17. Qf5+ Kb8 18. Qxf3 e4 19. Qxe4 Ne5 20. c4 Bb4+ 21. Ke2 Qa6 22. Rhd1 Bd6 23. Rd5 f5 24. Qc2 f4 25. Bxf4 Nc6 26. Bxd6 cxd6 27. Qc3 Rhf8 28. Rad1 Rf6 29. f3 Re8+ 30. Kf1 Ne5 31. Qd4 g5 32. Rxd6 1-0

[Event "Morbihan-ch 0203"]
[Site "Morbihan"]
[Date "2003.02.08"]
[Round "5"]
[White "Tripoteau, Nicolas"]
[Black "Salaun, Michel"]
[Result "1-0"]
[WhiteElo "2250"]
[BlackElo "2010"]
[PlyCount "45"]
[EventDate "2002.10.19"]
[EventType "swiss"]
[EventRounds "7"]
[EventCountry "FRA"]
[SourceTitle "EXT 2008"]
[Source "ChessBase"]
[SourceDate "2007.11.25"]
[SourceVersion "1"]
[SourceVersionDate "2007.11.25"]
[SourceQuality "1"]

1. e4 e6 2. d3 d5 3. Nd2 c5 4. Ngf3 Nc6 5. g3 Nf6 6. Bg2 Be7 7. 0-0 0-0 8. Re1 b6 9. e5 Nd7 10. Nf1 Bb7 11. h4 Nd4 12. Nxd4 cxd4 13. Qg4 Kh8 14. Qxd4 f5 15. exf6 Nxf6 16. Qa4 Bc8 17. c3 Bd7 18. Qd1 Qe8 19. Nh2 Qf7 20. Nf3 Ng4 21. Bf4 Qh5 22. Ne5 g5 23. Be3 1-0

[Event "Avoine op 16th"]
[Site "Avoine"]
[Date "2001.??.??"]
[Round "4"]
[White "Alet, Jean Pierre"]
[Black "Salaun, Michel"]
[Result "0-1"]
[WhiteElo "2210"]
[BlackElo "1920"]
[PlyCount "138"]
[EventDate "2001.07.??"]
[EventType "swiss"]
[EventRounds "7"]
[EventCountry "FRA"]
[SourceTitle "EXT 2003"]
[Source "ChessBase"]
[SourceDate "2002.11.25"]
[SourceVersion "1"]
[SourceVersionDate "2002.11.25"]
[SourceQuality "1"]

1. d4 d5 2. c4 Nc6 3. Nf3 Bg4 4. Nbd2 dxc4 5. Qa4 Bxf3 6. Nxf3 e6 7. e3 Qd5 8. Qxc4 Bb4+ 9. Nd2 Nf6 10. a3 Bd6 11. Qxd5 exd5 12. Bd3 0-0 13. 0-0 Rae8 14. b4 Ne7 15. Nb3 b6 16. Ra2 Ng4 17. g3 f5 18. Re1 h5 19. h4 g5 20. hxg5 Ng6 21. Ree2 Kg7 22. f3 Nxe3 23. Rxe3 Bxg3 24. Rxe8 Rxe8 25. Re2 Rf8 26. Be3 Nh4 27. Nd2 Ng6 28. Nf1 Bd6 29. Bd2 Nh4 30. Kf2 f4 31. Re6 Nf5 32. Bxf5 Rxf5 33. a4 Rxg5 34. Rxd6 cxd6 35. Bxf4 Rg6 36. Ng3 Kf7 37. Nxh5 Ke7 38. Bd2 Kd7 39. Nf4 Rg5 40. Ng2 Rh5 41. Nf4 Rf5 42. Ke3 a6 43. Ne2 Rh5 44. Nf4 Rf5 45. Nd3 Kc6 46. Ne1 Rh5 47. f4 Rh3+ 48. Nf3 Rh1 49. f5 Ra1 50. a5 bxa5 51. bxa5 Ra3+ 52. Kf4 Kd7 53. Be1 Ra1 54. Kg5 Ra3 55. Nh4 Re3 56. Bf2 Re2 57. Bg3 Re4 58. Ng6 Rxd4 59. f6 Rd3 60. Bf4 Ke6 61. Nf8+ Kf7 62. Nd7 Rd1 63. Kf5 Rf1 64. Nb8 d4 65. Ke4 d5+ 66. Kxd4 Rxf4+ 67. Kxd5 Rf5+ 68. Kc6 Rxa5 69. Kb6 Rb5+ 0-1

[Event "FRA-chT4 0001"]
[Site "Bretagne"]
[Date "2000.11.19"]
[Round "2"]
[White "Le Montagner, Yoann"]
[Black "Salaun, Michel"]
[Result "1/2-1/2"]
[WhiteElo "1790"]
[BlackElo "1890"]
[PlyCount "119"]
[EventDate "2000.10.??"]
[EventType "team"]
[EventRounds "7"]
[EventCountry "FRA"]
[SourceTitle "EXT 2005"]
[Source "ChessBase"]
[SourceDate "2004.11.15"]
[SourceVersion "1"]
[SourceVersionDate "2004.11.15"]
[SourceQuality "1"]

1. e4 Nc6 2. Nf3 e5 3. Bb5 Bc5 4. 0-0 Nge7 5. c3 a6 6. Bc4 b5 7. Bb3 d5 8. d4 exd4 9. cxd4 Bb4 10. a3 Ba5 11. exd5 Nxd5 12. Bxd5 Qxd5 13. b4 Bb6 14. Nc3 Qc4 15. Re1+ Be6 16. d5 0-0-0 17. Bb2 Bxd5 18. Nxd5 Rxd5 19. Qe2 Qxe2 20. Rxe2 Nd4 21. Bxd4 Bxd4 22. Rd2 Bxa1 23. Rxd5 Rd8 24. Rxd8+ Kxd8 25. Ne1 Bb2 26. Nc2 Kd7 27. f3 Kd6 28. Kf2 c5 29. Ke3 Kd5 30. bxc5 Kxc5 31. Kd3 Kb6 32. a4 Ka5 33. axb5 Kxb5 34. Ne3 a5 35. Kc2 Be5 36. g3 a4 37. Nf5 g6 38. Ne7 Kc5 39. f4 Bd4 40. g4 Kc4 41. Nc6 a3 42. Na5+ Kd5 43. Kb3 Bb2 44. Nc4 a2 45. Nb6+ Kc6 46. Kxa2 Kxb6 47. Kxb2 Kc5 48. Kc3 h5 49. h3 h4 50. g5 Kd5 51. Kd3 Ke6 52. Ke4 f6 53. gxf6 Kxf6 54. Kf3 Kf5 55. Ke3 Ke6 56. Ke4 Kf6 57. Ke3 Kf5 58. Kf3 g5 59. fxg5 Kxg5 60. Ke3 1/2-1/2

[Event "Bretagne op-A"]
[Site "Queven"]
[Date "1999.??.??"]
[Round "7"]
[White "Duplessy, Franck"]
[Black "Salaun, Michel"]
[Result "0-1"]
[WhiteElo "2030"]
[BlackElo "1930"]
[PlyCount "92"]
[EventDate "1999.06.??"]
[EventType "swiss"]
[EventRounds "7"]
[EventCountry "FRA"]
[SourceTitle "EXT 2001"]
[Source "ChessBase"]
[SourceDate "2000.11.22"]
[SourceVersion "1"]
[SourceVersionDate "2000.11.22"]
[SourceQuality "1"]

1. e4 e6 2. d4 d5 3. exd5 exd5 4. c4 Nf6 5. Nc3 Bb4 6. Bd3 0-0 7. Nge2 Bg4 8. 0-0 dxc4 9. Bxc4 Nbd7 10. h3 Bh5 11. Qb3 c5 12. Be3 Nb6 13. dxc5 Nxc4 14. Qxc4 Bxe2 15. Nxe2 Ba5 16. Rfd1 Qe7 17. b4 Bc7 18. Rab1 a6 19. a4 h6 20. Nf4 Qe5 21. g3 Rad8 22. b5 axb5 23. axb5 Ne4 24. Ne2 Qf5 25. Kg2 g5 26. b6 Be5 27. g4 Qg6 28. f3 Nc3 29. Nxc3 Qc2+ 30. Qe2 Qxc3 31. Rbc1 Qb3 32. Rc2 Rxd1 33. Qxd1 Qxe3 34. Qd2 Qb3 35. Qf2 Rd8 36. Re2 Bf4 37. h4 Qc3 38. h5 Rd2 39. Rxd2 Qxd2 40. Qxd2 Bxd2 41. Kf2 Bb4 42. c6 bxc6 43. b7 Bd6 44. Ke3 Kf8 45. Kd4 Ke8 46. f4 Bxf4 0-1

[Event "Bretagne op-A"]
[Site "Queven"]
[Date "1999.??.??"]
[Round "6"]
[White "Jolly, Jean Francois"]
[Black "Salaun, Michel"]
[Result "0-1"]
[WhiteElo "1740"]
[BlackElo "1930"]
[PlyCount "67"]
[EventDate "1999.06.??"]
[EventType "swiss"]
[EventRounds "7"]
[EventCountry "FRA"]
[SourceTitle "EXT 2001"]
[Source "ChessBase"]
[SourceDate "2000.11.22"]
[SourceVersion "1"]
[SourceVersionDate "2000.11.22"]
[SourceQuality "1"]

1. e4 e6 2. d3 d5 3. Nc3 Nf6 4. Bg5 Be7 5. f4 d4 6. Nce2 c5 7. Nf3 Nc6 8. h3 h6 9. Bh4 Qc7 10. g4 Bd7 11. Bg2 0-0-0 12. Bg3 Qb6 13. Rb1 Qa5+ 14. c3 c4 15. dxc4 Nxe4 16. Nfxd4 Nxg3 17. Nb3 Qb6 18. Nxg3 Qe3+ 19. Qe2 Qxg3+ 20. Qf2 Bh4 21. Qxg3 Bxg3+ 22. Ke2 Bxf4 23. Rhf1 g5 24. Nc5 b6 25. Nd3 e5 26. b4 f5 27. gxf5 Bxf5 28. Nxf4 exf4 29. Rbd1 Rhe8+ 30. Kf2 Ne5 31. Rd5 Bd3 32. Re1 Rxd5 33. cxd5 Bc4 34. a4 0-1

[Event "Bretagne op-A"]
[Site "Queven"]
[Date "1999.??.??"]
[Round "2"]
[White "Salaun, Michel"]
[Black "Bucamp, David"]
[Result "1-0"]
[WhiteElo "1930"]
[BlackElo "1760"]
[PlyCount "47"]
[EventDate "1999.06.??"]
[EventType "swiss"]
[EventRounds "7"]
[EventCountry "FRA"]
[SourceTitle "EXT 2001"]
[Source "ChessBase"]
[SourceDate "2000.11.22"]
[SourceVersion "1"]
[SourceVersionDate "2000.11.22"]
[SourceQuality "1"]

1. d4 g6 2. Nf3 Bg7 3. e4 d6 4. Bc4 Nf6 5. Qe2 d5 6. exd5 Nxd5 7. 0-0 0-0 8. Bxd5 Qxd5 9. Qxe7 Nc6 10. Qxc7 Nxd4 11. Nxd4 Qxd4 12. c3 Qd5 13. c4 Qd3 14. Nc3 Be6 15. Bf4 Qxc4 16. Rac1 Rac8 17. Qxc4 Rxc4 18. Be3 a6 19. f3 Rfc8 20. Rfd1 Bxc3 21. bxc3 Rxc3 22. Rxc3 Rxc3 23. Rd8+ Kg7 24. Bd4+ 1-0

[Event "Bretagne op-A"]
[Site "Queven"]
[Date "1999.??.??"]
[Round "5"]
[White "Salaun, Michel"]
[Black "Huguet, Francois"]
[Result "0-1"]
[WhiteElo "1930"]
[BlackElo "1990"]
[PlyCount "78"]
[EventDate "1999.06.??"]
[EventType "swiss"]
[EventRounds "7"]
[EventCountry "FRA"]
[SourceTitle "EXT 2001"]
[Source "ChessBase"]
[SourceDate "2000.11.22"]
[SourceVersion "1"]
[SourceVersionDate "2000.11.22"]
[SourceQuality "1"]

1. Nf3 c5 2. c4 g6 3. d4 cxd4 4. Nxd4 Nf6 5. Nc3 Bg7 6. g3 0-0 7. Bg2 Nc6 8. 0-0 Nxd4 9. Qxd4 d6 10. e4 Nd7 11. Qd2 Ne5 12. b3 Be6 13. Bb2 Bxc4 14. bxc4 Nxc4 15. Qe2 Nxb2 16. Qxb2 Rc8 17. Rac1 Qa5 18. Qxb7 Rc7 19. Qxc7 Qxc7 20. Nd5 Qa5 21. Nxe7+ Kh8 22. Rc2 Bf6 23. Nd5 Bd4 24. Rd1 Bc5 25. Nf6 Kg7 26. Nd7 Qa4 27. Rdd2 Rc8 28. Nxc5 dxc5 29. e5 c4 30. Bh3 Rc7 31. e6 fxe6 32. Bxe6 c3 33. Bb3 Qb4 34. Rd8 a5 35. Ra8 Qb5 36. h4 Qf5 37. Rd8 Qe4 38. a4 Rb7 39. Rg8+ Kh6 0-1